000 00667nam a2200253Ia 4500
003 OSt
005 20220918165340.0
006 a|||||r|||| 00| 0
007 ta
008 220917b |||||||| |||| 00| 0 eng d
020 _a416 07820 6
024 _a19,472
037 _cTextual
040 _aARTS
_cARTS
_beng
041 _2eng
_aeng
082 _aO111,2M56w, L1
100 _aHugo Leon
_923916
245 0 _aBernard Shaw
_b Playwright and preacher
260 _aLondon
_bMethuen & Co Ltd UK
_c1971
300 _a270p.
_ccm.
650 _aENGLISH LITERATURE
942 _hO111,2M56w, L1
_cTEXL
_2CC
999 _c129446
_d129446